000
00488nam a2200157Ia 4500
008
090124s9999 xx 000 0 und d
082
_b
38242
245
_a
नवीन पेन्शन लाभ
250
_a
1
260
_b
श्री मंगेश प्रकाशन
_c
1999
300
_a
71
630
_a
नवीन पेन्शन लाभ
700
_a
दातार प्र. य.
730
_a
नवीन पेन्शन लाभ
942
_c
BOOK
999
_c
104250
_d
104250